000
003160000a22001450004500
041
0
_a
SPA
082
0
4
_a
G 867 S1922d
100
1
_a
Samper Pizano, Daniel
245
1
0
_a
Dejémonos de vainas / Daniel Samper
250
_a
2
260
_a
Bogotá, Colombia : Pluma
300
_a
496 Pag
001
11187
942
_c
BK
999
_c
40553
_d
40553